Aquelarre : cuentos de ciencia ficción, terror y fantasía.
Guardado en:
| Format: | Bog |
|---|---|
| Sprog: | Spanish |
| Udgivet: |
[San José] :
Editorial Clubdelibros,
[2011]
|
| Udgivelse: | 1. edición |
| Fag: | |
| Online adgang: | http://www.acoscomp.com/biblioteca/Digitales/Aquelarre/FlipBook/index.html#p=8 |
| Tags: |
Tilføj Tag
Ingen Tags, Vær først til at tagge denne postø!
|
MARC
| LEADER | 00000cam a2200000Ia 4500 | ||
|---|---|---|---|
| 001 | 9512167 | ||
| 005 | 20141127002118.0 | ||
| 008 | 111216s2011 cr a 000 j spa d | ||
| 020 | |a 9789968643160 | ||
| 020 | |a 9968643165 | ||
| 040 | |a CSt |c STF |d PIT |d CRU CIICLA | ||
| 082 | |a CR863.08 |b A656a | ||
| 245 | 1 | 0 | |a Aquelarre : |b cuentos de ciencia ficción, terror y fantasía. |
| 250 | |a 1. edición | ||
| 260 | |a [San José] : |b Editorial Clubdelibros, |c [2011] | ||
| 300 | |a 104 páginas: |b ilustraciones. | ||
| 505 | 0 | |a Paranormal.org / Jessica Clark -- El despertar de las leyendas / Evelyn Ugalde -- María de las Ánimas / Marcela Mora -- La cafetera de pito / Marcela Mora -- Ocupar su lugar / Marcela Mora -- Creadores de mundos / Mariana Castillo -- El último viaje / Ericka Lippi Rojas -- Videntes de penumbras / María Luz Ruiz. | |
| 650 | 0 | |a LITERATURA COSTARRICENSE |y SIGLO XXI |v CUENTOS | |
| 650 | 0 | |a CUENTOS DE CIENCIA FICCION |y SIGLO XXI | |
| 856 | |u http://www.acoscomp.com/biblioteca/Digitales/Aquelarre/FlipBook/index.html#p=8 | ||
| 942 | |2 ddc |c BK | ||
| 999 | |c 3593 |d 3593 | ||



